[Event "Titled Tuesday intern op 01st Feb-B"]
[Site "Chess.com INT"]
[Date "2022.02.02"]
[Round "7"]
[White "Xie, Bryan"]
[Black "Villegas, Pierre"]
[Result "0-1"]
[WhiteElo "2128"]
[BlackElo "2308"]
[PlyCount "78"]
[EventDate "2022.02.02"]
[EventType "swiss (blitz)"]
[EventRounds "11"]
[EventCountry "USA"]
[SourceTitle "CBM 206 Extra"]
[Source "ChessBase"]
[SourceDate "2022.03.31"]
[SourceVersion "1"]
[SourceVersionDate "2022.03.31"]
[SourceQuality "1"]

1. e4 c6 2. d4 d5 3. e5 a6 4. Bd3 c5 5. c3 Nc6 6. Ne2 Bg4 7. f3 Bd7 8. Nd2 Qb6 9. dxc5 Qxc5 10. Nb3 Qb6 11. f4 g5 12. Ned4 gxf4 13. Bxf4 Bh6 14. Bxh6 Nxh6 15. Qh5 Nxd4 16. cxd4 Qb4+ 17. Kf1 Ng4 18. h3 Ne3+ 19. Ke2 Nc4 20. Rhf1 0-0-0 21. Rac1 Kb8 22. Qxf7 Nxb2 23. Nc5 Qxd4 24. e6 Nxd3 25. Nxd7+ Ka7 26. Rcd1 Qe4+ 27. Kd2 Rc8 28. Qf3 Qb4+ 29. Ke3 Nb2 30. Kf2 Nxd1+ 31. Rxd1 d4 32. Qd5 Rc4 33. Ne5 Rc2+ 34. Kg1 Rhc8 35. Rxd4 Qe1+ 36. Kh2 Rc1 37. Nf3 Qe3 38. Re4 Qc3 39. Qe5 Rc2 0-1

[Event "Titled Tuesday intern op 25th Jan"]
[Site "Chess.com INT"]
[Date "2022.01.25"]
[Round "5"]
[White "Doluhanova, Evgeniya"]
[Black "Villegas, Pierre"]
[Result "0-1"]
[WhiteElo "2255"]
[BlackElo "2308"]
[PlyCount "78"]
[EventDate "2022.01.25"]
[EventType "swiss (blitz)"]
[EventRounds "11"]
[EventCountry "USA"]
[SourceTitle "CBM 206 Extra"]
[Source "ChessBase"]
[SourceDate "2022.03.31"]
[SourceVersion "1"]
[SourceVersionDate "2022.03.31"]
[SourceQuality "1"]

1. Nf3 d5 2. g3 g6 3. Bg2 Bg7 4. 0-0 e5 5. c4 dxc4 6. Qa4+ Nc6 7. Qxc4 Nge7 8. d3 0-0 9. a3 Be6 10. Qc2 h6 11. Nc3 Qd7 12. Be3 Nd4 13. Bxd4 exd4 14. Ne4 Bd5 15. Rac1 c6 16. Nc5 Qc7 17. b4 a5 18. Nb3 axb4 19. axb4 Qb6 20. Qc5 Qxc5 21. Nxc5 Ra2 22. Rfe1 b5 23. Ra1 Rfa8 24. Rab1 Rc2 25. Kf1 Raa2 26. h4 h5 27. Ng1 Bxg2+ 28. Kxg2 Nd5 29. Nd7 Nc3 30. Rbc1 Rxc1 31. Rxc1 f5 32. Nb8 Bh6 33. f4 Bg7 34. Nxc6 Nxe2 35. Nxe2 Rxe2+ 36. Kf3 Re3+ 37. Kf2 Rxd3 38. Rc5 Rc3 39. Rxb5 Rxc6 0-1

[Event "Titled Tuesday intern op 25th Jan"]
[Site "Chess.com INT"]
[Date "2022.01.25"]
[Round "9"]
[White "Karabalis, Harilos"]
[Black "Villegas, Pierre"]
[Result "1/2-1/2"]
[WhiteElo "2252"]
[BlackElo "2308"]
[PlyCount "94"]
[EventDate "2022.01.25"]
[EventType "swiss (blitz)"]
[EventRounds "11"]
[EventCountry "USA"]
[SourceTitle "CBM 206 Extra"]
[Source "ChessBase"]
[SourceDate "2022.03.31"]
[SourceVersion "1"]
[SourceVersionDate "2022.03.31"]
[SourceQuality "1"]

1. e4 c6 2. d4 d5 3. e5 a6 4. Bd3 c5 5. c3 Nc6 6. Be3 Nh6 7. Nf3 Nf5 8. Bxf5 Bxf5 9. dxc5 Bg4 10. Bd4 e6 11. Nbd2 Be7 12. h3 Bh5 13. Qe2 b6 14. Qe3 Nxd4 15. cxd4 Bxf3 16. Nxf3 bxc5 17. dxc5 Qa5+ 18. Qd2 Qxd2+ 19. Kxd2 Bxc5 20. Rhf1 Rb8 21. b3 Kd7 22. Rac1 Rhc8 23. Kd3 f6 24. Rc2 Ba7 25. Re2 Rc6 26. Rfe1 Rbc8 27. exf6 gxf6 28. Rd2 Rc3+ 29. Ke2 Rc2 30. Red1 Kd6 31. Ne1 Rxd2+ 32. Rxd2 e5 33. f3 h5 34. g4 hxg4 35. hxg4 Rh8 36. Rc2 Rh2+ 37. Kd3 Rxc2 38. Nxc2 Ke6 39. b4 f5 40. gxf5+ Kxf5 41. a4 e4+ 42. fxe4+ dxe4+ 43. Kc4 e3 44. Nxe3+ Bxe3 45. a5 Bd2 46. b5 axb5+ 47. Kxb5 Bxa5 1/2-1/2

[Event "Titled Tuesday intern op 25th Jan"]
[Site "Chess.com INT"]
[Date "2022.01.25"]
[Round "7"]
[White "Mirzoev, Azer"]
[Black "Villegas, Pierre"]
[Result "1-0"]
[WhiteElo "2432"]
[BlackElo "2308"]
[PlyCount "45"]
[EventDate "2022.01.25"]
[EventType "swiss (blitz)"]
[EventRounds "11"]
[EventCountry "USA"]
[SourceTitle "CBM 206 Extra"]
[Source "ChessBase"]
[SourceDate "2022.03.31"]
[SourceVersion "1"]
[SourceVersionDate "2022.03.31"]
[SourceQuality "1"]

1. c4 e6 2. Nf3 d5 3. e3 Nf6 4. b3 a6 5. Bb2 c5 6. cxd5 exd5 7. Be2 Nc6 8. 0-0 Bd6 9. d4 cxd4 10. Nxd4 0-0 11. Nd2 Bc7 12. Nxc6 bxc6 13. Rc1 Qd6 14. Nf3 Bg4 15. Be5 Qd7 16. Bxc7 Qxc7 17. Qc2 Bxf3 18. Bxf3 Rfc8 19. Rfd1 Qd6 20. Qc5 Qxc5 21. Rxc5 a5 22. Rdc1 a4 23. b4 1-0

[Event "Titled Tuesday intern op 25th Jan"]
[Site "Chess.com INT"]
[Date "2022.01.25"]
[Round "11"]
[White "Villegas, Pierre"]
[Black "Kosakowski, Jakub"]
[Result "0-1"]
[WhiteElo "2308"]
[BlackElo "2442"]
[PlyCount "42"]
[EventDate "2022.01.25"]
[EventType "swiss (blitz)"]
[EventRounds "11"]
[EventCountry "USA"]
[SourceTitle "CBM 206 Extra"]
[Source "ChessBase"]
[SourceDate "2022.03.31"]
[SourceVersion "1"]
[SourceVersionDate "2022.03.31"]
[SourceQuality "1"]

1. c4 d6 2. Nc3 e5 3. g3 f5 4. Bg2 Nf6 5. d4 Nc6 6. e3 g6 7. Nge2 Bg7 8. 0-0 0-0 9. b3 g5 10. f4 gxf4 11. gxf4 e4 12. d5 Ne7 13. Kh1 Ng6 14. Nd4 Bd7 15. Bb2 Qe8 16. Qd2 c5 17. dxc6 bxc6 18. Nde2 Rd8 19. Qxd6 Ng4 20. Qd2 Nh4 21. h3 Be6 0-1

[Event "Titled Tuesday intern op 25th Jan"]
[Site "Chess.com INT"]
[Date "2022.01.25"]
[Round "4"]
[White "Villegas, Pierre"]
[Black "Tarasova, Viktoriya"]
[Result "1-0"]
[WhiteElo "2308"]
[BlackElo "2226"]
[PlyCount "53"]
[EventDate "2022.01.25"]
[EventType "swiss (blitz)"]
[EventRounds "11"]
[EventCountry "USA"]
[SourceTitle "CBM 206 Extra"]
[Source "ChessBase"]
[SourceDate "2022.03.31"]
[SourceVersion "1"]
[SourceVersionDate "2022.03.31"]
[SourceQuality "1"]

1. d4 Nf6 2. c4 e6 3. Nc3 Bb4 4. f3 c5 5. d5 0-0 6. e4 d6 7. Nge2 b5 8. Nf4 exd5 9. Nfxd5 Nxd5 10. Qxd5 Qa5 11. Bd2 Qb6 12. cxb5 Bb7 13. Qg5 Nd7 14. Be2 a6 15. bxa6 Bxa6 16. 0-0 Bxe2 17. Nxe2 Bxd2 18. Qxd2 Rfb8 19. b3 c4+ 20. Kh1 cxb3 21. axb3 Rxa1 22. Rxa1 Qxb3 23. Qxd6 Qb1+ 24. Rxb1 Rxb1+ 25. Ng1 Nf8 26. h4 h6 27. Kh2 1-0